000 00402nam a2200157Ia 4500
008 230312s9999||||xx |||||||||||||| ||und||
020 _a81-317-1949-7
082 _a658.4038
_bMCL-M
100 _aMcLeod;Raymond
245 0 _aManagement Information Systems
260 _bPearson
_aIndia
_c2008
300 _a477
546 _aEng.
650 _aManagement
_vManagement Information Systems
942 _cBK
999 _c8166
_d8166